Les pays Voyelle-Consonne - Statistiques

Statistiques générales
  • Ce quiz a été pris 65 fois
    25 depuis la dernière actualisation
  • Le résultat moyen est 4 sur 10
Statistiques - réponses
Réponse % Correct
Canada
80%
Togo
55%
Malawi
50%
Panama
45%
Kiribati
40%
Mali
35%
Tuvalu
35%
Kosovo
30%
Monaco
20%
Belize
10%
Aucun quiz correspondant
Distribution des résultats
% des personnes avec chaque résultat
Percentile par nombre de réponses
Votre historique - résultats
Vous n’avez pas pris ce quiz depuis la dernière actualisation